[Event "35. Rilton Cup 2005/2006"]
[Site "Stockholm"]
[Date "2005.12.28"]
[Round "2.2"]
[White "Akesson, Joel"]
[Black "Iordachescu, Viorel"]
[Result "0-1"]
[WhiteElo "2334"]
[BlackElo "2583"]
[PlyCount "70"]
[EventDate "2005.12.27"]
[EventType "swiss"]
[EventRounds "9"]
[EventCountry "SWE"]
[Source "lmi"]
[SourceDate "2006.01.06"]

1. d4 Nf6 2. c4 e6 3. Nf3 b6 4. a3 c5 5. d5 Ba6 6. Qc2 exd5 7. cxd5 g6 8. Nc3
Bg7 9. g3 O-O 10. Bg2 d6 11. O-O Re8 12. Re1 b5 13. e4 Nbd7 14. Bf4 Qb6 15. Qd2
Ng4 16. Bh3 Nge5 17. Nxe5 Nxe5 18. Bxe5 Bxe5 19. Bd7 Re7 20. Bc6 Bb7 21. Bxb7
Qxb7 22. Kg2 Rae8 23. f3 h5 24. Ne2 Bg7 25. Rad1 a5 26. b3 Qa6 27. Qd3 a4 28.
bxa4 Qxa4 29. Nc3 c4 30. Qd2 Qa5 31. Rc1 Rb7 32. Re3 Qxa3 33. Nxb5 Qb2 34. Qxb2
Bxb2 35. Nxd6 Bxc1 0-1

[Event "35. Rilton Cup 2005/2006"]
[Site "Stockholm"]
[Date "2005.12.28"]
[Round "2.3"]
[White "Postny, Evgeny"]
[Black "Van Beek, Alexander"]
[Result "1-0"]
[WhiteElo "2571"]
[BlackElo "2334"]
[PlyCount "53"]
[EventDate "2005.12.27"]
[EventType "swiss"]
[EventRounds "9"]
[EventCountry "SWE"]
[Source "lmi"]
[SourceDate "2006.01.06"]

1. d4 d5 2. c4 c6 3. Nf3 Nf6 4. Nc3 dxc4 5. a4 Bf5 6. Ne5 Nbd7 7. Nxc4 Qc7 8.
g3 e5 9. dxe5 Nxe5 10. Bf4 Nfd7 11. Bg2 g5 12. Bxe5 Nxe5 13. Qd4 f6 14. O-O-O
Rd8 15. Qe3 Rxd1+ 16. Rxd1 Be7 17. Nxe5 Qxe5 18. Qxa7 O-O 19. Qxb7 Kh8 20. Bxc6
Bc8 21. Qb5 Qc7 22. Bd7 Bb7 23. Bf5 Bc6 24. Qc4 Qb6 25. e3 Bf3 26. Rd7 Rb8 27.
Qb5 1-0

[Event "35. Rilton Cup 2005/2006"]
[Site "Stockholm"]
[Date "2005.12.28"]
[Round "2.4"]
[White "Molander, Riku"]
[Black "Johannessen, Leif Erlend"]
[Result "0-1"]
[WhiteElo "2323"]
[BlackElo "2564"]
[PlyCount "84"]
[EventDate "2005.12.27"]
[EventType "swiss"]
[EventRounds "9"]
[EventCountry "SWE"]
[Source "lmi"]
[SourceDate "2006.01.06"]

1. e4 d5 2. e5 e6 3. d4 c5 4. c3 Nc6 5. Nf3 Qb6 6. a3 Nh6 7. b4 cxd4 8. cxd4
Nf5 9. Bb2 Bd7 10. g4 Nfe7 11. Nc3 Na5 12. Qc2 Nc4 13. Bxc4 dxc4 14. Nd2 Qc6
15. Nce4 Nc8 16. Nxc4 b5 17. Ne3 Qxc2 18. Nxc2 Bc6 19. f3 Nb6 20. Ne3 Na4 21.
O-O-O O-O-O 22. Rhf1 Be7 23. Kb1 Kb7 24. Rf2 Rd7 25. Nc5+ Nxc5 26. dxc5 Rxd1+
27. Nxd1 h5 28. Nc3 Kc7 29. gxh5 Rxh5 30. Ne4 Rh3 31. Ng3 Bh4 32. Bc1 g5 33.
Kb2 Bxg3 34. hxg3 Rxg3 35. Bd2 Bd5 36. Kc2 Bxf3 37. Kb2 g4 38. Bf4 Rg1 39. Rh2
g3 40. Rh7 g2 41. Rxf7+ Kc6 42. Rg7 Re1 0-1

[Event "35. Rilton Cup 2005/2006"]
[Site "Stockholm"]
[Date "2005.12.28"]
[Round "2.5"]
[White "Nyback, Tomi"]
[Black "Stokke, Kjetil"]
[Result "1-0"]
[WhiteElo "2563"]
[BlackElo "2293"]
[PlyCount "79"]
[EventDate "2005.12.27"]
[EventType "swiss"]
[EventRounds "9"]
[EventCountry "SWE"]
[Source "lmi"]
[SourceDate "2006.01.06"]

1. d4 Nf6 2. c4 g6 3. Nc3 Bg7 4. e4 O-O 5. Nf3 d6 6. Be2 e5 7. O-O Na6 8. Be3
Ng4 9. Bg5 Qe8 10. dxe5 h6 11. Bd2 dxe5 12. h3 Nf6 13. Be3 Qe7 14. Nd5 Qd8 15.
Qc2 c6 16. Nxf6+ Qxf6 17. Rfd1 Qe7 18. c5 Nc7 19. b4 f5 20. Rd6 f4 21. Bc1 g5
22. Bb2 Kh7 23. Nd2 Ne8 24. Rd3 Nf6 25. Nc4 g4 26. hxg4 Nxg4 27. Nd6 Qh4 28.
Bxg4 Bxg4 29. Nf5 Rxf5 30. exf5 Bxf5 31. Qb3 Bxd3 32. Qxd3+ Kh8 33. Rd1 f3 34.
Qxf3 Qxb4 35. Bc3 Qxc5 36. Rd7 Qf8 37. Qg3 Re8 38. Rxb7 a6 39. Qg6 Qg8 40. Rxg7
1-0

[Event "35. Rilton Cup 2005/2006"]
[Site "Stockholm"]
[Date "2005.12.28"]
[Round "2.7"]
[White "Ivanov, Sergey"]
[Black "Johansson, Gunnar"]
[Result "1-0"]
[WhiteElo "2538"]
[BlackElo "2276"]
[PlyCount "93"]
[EventDate "2005.12.27"]
[EventType "swiss"]
[EventRounds "9"]
[EventCountry "SWE"]
[Source "lmi"]
[SourceDate "2006.01.06"]

1. d4 d5 2. c4 c6 3. Nf3 Nf6 4. e3 e6 5. Bd3 Nbd7 6. O-O a6 7. b3 Bd6 8. Bb2
O-O 9. Nbd2 b6 10. e4 dxe4 11. Nxe4 Nxe4 12. Bxe4 Bb7 13. Qc2 h6 14. c5 Be7 15.
Rac1 bxc5 16. dxc5 Nxc5 17. Rfd1 Qa5 18. Bh7+ Kh8 19. Ne5 Bf6 20. Nc4 Qc7 21.
Bxf6 gxf6 22. Rd4 f5 23. Rh4 Ne4 24. Rxh6 Kg7 25. Rh3 Rh8 26. f3 Nf6 27. Qd2
Rxh7 28. Qg5+ Kf8 29. Qxf6 Rxh3 30. gxh3 Qd8 31. Qh6+ Ke7 32. Qg5+ Kf8 33. Qh6+
Ke7 34. Qg5+ Kf8 35. Qe3 Ke8 36. Qc5 Qg5+ 37. Kf2 Rd8 38. Rg1 Rd2+ 39. Ke1 Rg2
40. Nd6+ Kd7 41. Rxg2 Qxg2 42. Nxb7 Qxh2 43. Qd4+ Kc7 44. Nc5 Qh1+ 45. Kd2 Qxf3
46. Qd7+ Kb6 47. Na4+ 1-0

[Event "35. Rilton Cup 2005/2006"]
[Site "Stockholm"]
[Date "2005.12.28"]
[Round "2.9"]
[White "Jaracz, Barbara"]
[Black "Fontaine, Robert"]
[Result "0-1"]
[WhiteElo "2281"]
[BlackElo "2507"]
[PlyCount "70"]
[EventDate "2005.12.27"]
[EventType "swiss"]
[EventRounds "9"]
[EventCountry "SWE"]
[Source "lmi"]
[SourceDate "2006.01.06"]

1. e4 e5 2. Nf3 Nc6 3. Bb5 a6 4. Ba4 Nf6 5. O-O b5 6. Bb3 Bc5 7. a4 Rb8 8. c3
O-O 9. d4 Bb6 10. axb5 axb5 11. Na3 d6 12. Nxb5 exd4 13. cxd4 Bg4 14. Ra3 Re8
15. Re1 Qd7 16. Bc2 d5 17. e5 Ne4 18. h3 Bh5 19. Bxe4 dxe4 20. Rxe4 Bc5 21. Rd3
Bf8 22. Nc3 Bg6 23. Rh4 Be7 24. Bg5 Bxg5 25. Nxg5 Nxe5 26. Re3 Nc4 27. Rxe8+
Rxe8 28. b3 Nb2 29. Qd2 Nd3 30. d5 Re1+ 31. Kh2 Qd6+ 32. g3 h6 33. Nge4 Qa6 34.
Kg2 Ra1 35. Ne2 Ne1+ 0-1

[Event "35. Rilton Cup 2005/2006"]
[Site "Stockholm"]
[Date "2005.12.28"]
[Round "2.10"]
[White "Karlsson, Lars"]
[Black "Lindberg, Henrik"]
[Result "1-0"]
[WhiteElo "2501"]
[BlackElo "2239"]
[PlyCount "155"]
[EventDate "2005.12.27"]
[EventType "swiss"]
[EventRounds "9"]
[EventCountry "SWE"]
[Source "lmi"]
[SourceDate "2006.01.06"]

1. g3 c5 2. c4 Nf6 3. Bg2 d5 4. cxd5 Nxd5 5. Nc3 Nc7 6. d3 e5 7. Be3 Be7 8. Rc1
Ne6 9. Nd5 O-O 10. Nxe7+ Qxe7 11. Qc2 Na6 12. a3 Nd4 13. Bxd4 cxd4 14. Nf3 Bd7
15. O-O Rac8 16. Qb1 Nc5 17. Nd2 Be6 18. b3 Rc7 19. Rc2 Rfc8 20. Rfc1 b6 21.
Qb2 f6 22. Nc4 b5 23. Na5 Qd6 24. h4 g6 25. Kh2 Kg7 26. Bh3 f5 27. Bg2 Qb6 28.
b4 Na4 29. Rxc7+ Rxc7 30. Rxc7+ Qxc7 31. Qd2 h6 32. e3 Qc3 33. Qe2 e4 34. exd4
Qxd3 35. Qe3 Nb6 36. Qf4 Qxd4 37. Nc6 Qd7 38. Qe5+ Kh7 39. Qxb5 Bd5 40. Nd4
Qxb5 41. Nxb5 a6 42. Nc7 Bc4 43. Kg1 Kg7 44. Bf1 Bxf1 45. Kxf1 Nc4 46. a4 a5
47. bxa5 Nxa5 48. Nd5 Kf7 49. Ke2 g5 50. h5 Ke6 51. Ne3 Nb3 52. g4 Nd4+ 53. Kf1
fxg4 54. Nxg4 Nf5 55. a5 Kd6 56. Ke2 Kc5 57. Nf6 Kb5 58. Nxe4 g4 59. Ng3 Nd6
60. Ke3 Kxa5 61. Kf4 Kb5 62. Ke5 Kc6 63. Ne4 Ne8 64. Ng3 Nd6 65. Nf5 Nf7+ 66.
Kf4 Kd7 67. Ne3 Ke7 68. Kf5 Nd6+ 69. Kg6 Ke6 70. Nxg4 Nf5 71. Nxh6 Ne7+ 72. Kg5
Nd5 73. Ng4 Kf7 74. h6 Nc3 75. Ne5+ Kg8 76. Kg6 Nd5 77. h7+ Kh8 78. Nf7# 1-0

[Event "35. Rilton Cup 2005/2006"]
[Site "Stockholm"]
[Date "2005.12.28"]
[Round "2.12"]
[White "Niemi, Kalle"]
[Black "Cramling, Pia"]
[Result "0-1"]
[WhiteElo "2250"]
[BlackElo "2492"]
[PlyCount "74"]
[EventDate "2005.12.27"]
[EventType "swiss"]
[EventRounds "9"]
[EventCountry "SWE"]
[Source "lmi"]
[SourceDate "2006.01.06"]

1. e4 c5 2. Nf3 a6 3. c4 e6 4. d4 cxd4 5. Nxd4 Qc7 6. a3 b6 7. Nc3 Bb7 8. Be2
Nf6 9. f3 d6 10. O-O Nbd7 11. Be3 Be7 12. Rc1 O-O 13. Qd2 Rac8 14. Rfd1 Qb8 15.
b4 Rfe8 16. Nb3 Bd8 17. Kh1 Bc7 18. Bf1 d5 19. cxd5 Bxh2 20. d6 Be5 21. Na4
Rxc1 22. Nxc1 Qd8 23. Qf2 Bxe4 24. Nxb6 Bd5 25. Nc4 Bxc4 26. Bxc4 Nd5 27. Bxd5
exd5 28. Rxd5 Qf6 29. Kg1 h6 30. Nd3 Bxd6 31. Qd2 Nf8 32. Nf2 Bc7 33. Rd3 Ne6
34. Ng4 Qg6 35. Nf2 Qg3 36. Ng4 Bf4 37. Qc2 Qe1# 0-1

[Event "35. Rilton Cup 2005/2006"]
[Site "Stockholm"]
[Date "2005.12.28"]
[Round "2.13"]
[White "Jaracz, Pawel"]
[Black "Nygren, Kim"]
[Result "1-0"]
[WhiteElo "2492"]
[BlackElo "2231"]
[PlyCount "73"]
[EventDate "2005.12.27"]
[EventType "swiss"]
[EventRounds "9"]
[EventCountry "SWE"]
[Source "lmi"]
[SourceDate "2006.01.06"]

1. d4 d5 2. c4 Nc6 3. Nc3 e5 4. cxd5 Nxd4 5. e3 Nf5 6. Bb5+ Bd7 7. Qb3 Nd6 8.
Bxd7+ Qxd7 9. Nf3 f6 10. e4 Ne7 11. O-O g5 12. Nd2 Ng6 13. Nc4 Nh4 14. Nxd6+
Bxd6 15. Qb5 c6 16. Qe2 O-O 17. Be3 Kh8 18. dxc6 bxc6 19. Rac1 Rg8 20. Rfd1 Qe6
21. Nb1 Rac8 22. b3 Bb4 23. Bxa7 Qf7 24. Be3 g4 25. Qc4 Qh5 26. Qxb4 Nf3+ 27.
Kf1 Nxh2+ 28. Ke1 g3 29. Qe7 Ng4 30. Rd7 Rcf8 31. Rxc6 gxf2+ 32. Bxf2 Nxf2 33.
Rcc7 Nd3+ 34. Kd2 Qh6+ 35. Kxd3 Rg3+ 36. Kc2 Rxg2+ 37. Nd2 1-0

[Event "35. Rilton Cup 2005/2006"]
[Site "Stockholm"]
[Date "2005.12.28"]
[Round "2.14"]
[White "Nithander, Victor"]
[Black "Akesson, Ralf"]
[Result "1-0"]
[WhiteElo "2243"]
[BlackElo "2486"]
[PlyCount "109"]
[EventDate "2005.12.27"]
[EventType "swiss"]
[EventRounds "9"]
[EventCountry "SWE"]
[Source "lmi"]
[SourceDate "2006.01.06"]

1. e4 c5 2. Nf3 e6 3. d4 cxd4 4. Nxd4 a6 5. Nc3 b5 6. Bd3 Qb6 7. Nf3 Qc7 8. O-O
d6 9. a4 b4 10. Ne2 Nc6 11. Bd2 a5 12. c3 bxc3 13. Bxc3 Bd7 14. Rc1 Qb6 15. Bb5
Nf6 16. Nd2 Ne5 17. Bxe5 dxe5 18. Nc4 Qb8 19. Bxd7+ Nxd7 20. Nc3 Bb4 21. Nb5
Nf6 22. Ncd6+ Bxd6 23. Rc8+ Qxc8 24. Nxd6+ Ke7 25. Nxc8+ Rhxc8 26. f3 Rab8 27.
Qd2 Rb4 28. Rc1 Rd8 29. Rc7+ Ke8 30. Qc2 Nd7 31. Rc8 h5 32. h4 Rxc8 33. Qxc8+
Ke7 34. Qc2 g6 35. b3 f5 36. exf5 gxf5 37. Qc1 f4 38. Qc2 e4 39. fxe4 e5 40.
Qc7 Rxb3 41. Qxa5 Rb1+ 42. Kh2 Rb2 43. Qc3 Rf2 44. Kg1 Ra2 45. Qb4+ Ke8 46. Qd6
Rxa4 47. Qg6+ Kd8 48. Qxh5 Rxe4 49. Qg5+ Kc7 50. h5 Re1+ 51. Kf2 Rh1 52. h6 Kd6
53. Qg6+ Kd5 54. Qg8+ Ke4 55. h7 1-0

[Event "35. Rilton Cup 2005/2006"]
[Site "Stockholm"]
[Date "2005.12.28"]
[Round "2.15"]
[White "Ernst, Thomas"]
[Black "Andersson, Fredrik"]
[Result "1-0"]
[WhiteElo "2475"]
[BlackElo "2208"]
[PlyCount "67"]
[EventDate "2005.12.27"]
[EventType "swiss"]
[EventRounds "9"]
[EventCountry "SWE"]
[Source "lmi"]
[SourceDate "2006.01.06"]

1. d4 d5 2. c4 c6 3. Nf3 Nf6 4. Nc3 e6 5. Bg5 h6 6. Bh4 dxc4 7. e4 g5 8. Bg3 b5
9. Be2 Bb7 10. h4 g4 11. Ne5 h5 12. f3 Bh6 13. fxg4 b4 14. Nxc4 bxc3 15. Nd6+
Kf8 16. bxc3 Qa5 17. Qc2 Ba6 18. Bxa6 Nxa6 19. g5 Ng4 20. O-O Bxg5 21. hxg5
Qxg5 22. Nxf7 Qe3+ 23. Bf2 Qf4 24. g3 Qf3 25. Nxh8 Kg7 26. Rad1 Kxh8 27. Qd3
Rf8 28. Qxf3 Rxf3 29. d5 Nxf2 30. Rxf2 Rxg3+ 31. Rg2 Rxc3 32. dxe6 Nc7 33. Rd8+
Kh7 34. Rd7+ 1-0

[Event "35. Rilton Cup 2005/2006"]
[Site "Stockholm"]
[Date "2005.12.28"]
[Round "2.16"]
[White "Kosmo, Santul"]
[Black "Berczes, David"]
[Result "1-0"]
[WhiteElo "2232"]
[BlackElo "2475"]
[PlyCount "59"]
[EventDate "2005.12.27"]
[EventType "swiss"]
[EventRounds "9"]
[EventCountry "SWE"]
[Source "lmi"]
[SourceDate "2006.01.06"]

1. e4 c5 2. Nf3 d6 3. d4 cxd4 4. Nxd4 Nf6 5. Nc3 a6 6. Bg5 e6 7. f4 Be7 8. Qf3
Qc7 9. O-O-O Nbd7 10. g4 h6 11. Bxf6 Bxf6 12. h4 g5 13. hxg5 hxg5 14. Rxh8+
Bxh8 15. Qh3 Bxd4 16. Rxd4 gxf4 17. e5 dxe5 18. Rd2 Qc6 19. Bg2 Qb6 20. Qh8+
Ke7 21. Qh4+ f6 22. Ne4 Qg1+ 23. Rd1 Qe3+ 24. Kb1 Qe2 25. Qh1 Kd8 26. Bf3 Qe3
27. Nd6 Kc7 28. Nxc8 Rxc8 29. Bxb7 Rb8 30. Qc6+ 1-0

[Event "35. Rilton Cup 2005/2006"]
[Site "Stockholm"]
[Date "2005.12.28"]
[Round "2.18"]
[White "Papadopoulou, Vera"]
[Black "Hermansson, Emil"]
[Result "1/2-1/2"]
[WhiteElo "2220"]
[BlackElo "2449"]
[PlyCount "113"]
[EventDate "2005.12.27"]
[EventType "swiss"]
[EventRounds "9"]
[EventCountry "SWE"]
[Source "lmi"]
[SourceDate "2006.01.06"]

1. d4 Nf6 2. Nf3 g6 3. Bf4 d6 4. e3 Nh5 5. Bg5 h6 6. Bh4 g5 7. Bg3 Bg7 8. Bd3
Nc6 9. c3 Nxg3 10. hxg3 e5 11. dxe5 Nxe5 12. Nxe5 Bxe5 13. Nd2 c6 14. Qc2 Qe7
15. O-O-O Be6 16. f4 Bg7 17. e4 O-O-O 18. Nf3 Bg4 19. Kb1 Kb8 20. Rde1 Qf6 21.
Rhf1 gxf4 22. Nd4 f3 23. gxf3 Bd7 24. f4 h5 25. Nf3 Bh3 26. Rh1 Bg4 27. Qf2
Rhe8 28. Bc2 Qe7 29. Nh2 Bc8 30. Nf1 f5 31. Rxh5 fxe4 32. Rxe4 Qf7 33. Rxe8
Rxe8 34. Rh2 Qe6 35. Bd3 Qd5 36. Qd2 Be6 37. c4 Qd4 38. Re2 Bf7 39. Rxe8+ Bxe8
40. Qc3 Qxc3 41. bxc3 Bxc3 42. Kc2 Bd4 43. g4 Kc7 44. g5 Kd7 45. Kd2 Bf7 46.
Ne3 b5 47. Nc2 Bc5 48. cxb5 Bxa2 49. bxc6+ Kxc6 50. Bh7 Bb1 51. Nd4+ Bxd4 52.
Bxb1 d5 53. f5 a5 54. Bc2 Bb2 55. Bb3 Kd6 56. f6 Ke6 57. Kd3 1/2-1/2

[Event "35. Rilton Cup 2005/2006"]
[Site "Stockholm"]
[Date "2005.12.28"]
[Round "2.20"]
[White "Carlsson, Pontus"]
[Black "Backmann, Michael"]
[Result "1/2-1/2"]
[WhiteElo "2435"]
[BlackElo "2110"]
[PlyCount "92"]
[EventDate "2005.12.27"]
[EventType "swiss"]
[EventRounds "9"]
[EventCountry "SWE"]
[Source "lmi"]
[SourceDate "2006.01.06"]

1. e4 c5 2. Nf3 d6 3. d4 cxd4 4. Nxd4 Nf6 5. Nc3 a6 6. Bg5 e6 7. f4 Be7 8. Qf3
Qc7 9. O-O-O Nbd7 10. g4 b5 11. Bxf6 Nxf6 12. g5 Nd7 13. f5 Bxg5+ 14. Kb1 O-O
15. fxe6 Nb6 16. Nd5 Nxd5 17. exd5 fxe6 18. Qh5 Bf6 19. Nxe6 Bxe6 20. dxe6 g6
21. Qd5 Kh8 22. Bg2 Rac8 23. Be4 Qg7 24. Qb3 Be5 25. Rhf1 a5 26. Rf7 Rxf7 27.
exf7 a4 28. Qxb5 Qxf7 29. Qxa4 Rb8 30. b3 Bg7 31. c3 Bxc3 32. Qc6 Be5 33. Qd5
Qc7 34. Rc1 Qa7 35. Bd3 Qa3 36. Rc2 Rf8 37. Qg2 Rb8 38. Qd5 Rf8 39. Qg2 Qb4 40.
Bc4 Qe1+ 41. Rc1 Qa5 42. a4 Qc5 43. Rf1 Rb8 44. Ka2 Qd4 45. Qf2 Qc3 46. Rd1 Bg7
1/2-1/2

[Event "35. Rilton Cup 2005/2006"]
[Site "Stockholm"]
[Date "2005.12.28"]
[Round "2.22"]
[White "Bebchuk, Leonid"]
[Black "Lindberg, Bengt"]
[Result "0-1"]
[WhiteElo "2085"]
[BlackElo "2420"]
[PlyCount "84"]
[EventDate "2005.12.27"]
[EventType "swiss"]
[EventRounds "9"]
[EventCountry "SWE"]
[Source "lmi"]
[SourceDate "2006.01.06"]

1. e4 c5 2. Nf3 e6 3. d3 Nc6 4. g3 g6 5. Bg2 Bg7 6. O-O Nge7 7. c3 O-O 8. h4 h6
9. Re1 e5 10. Be3 d6 11. d4 exd4 12. cxd4 Bg4 13. Qd2 Bxf3 14. Bxf3 Nxd4 15.
Bg2 Kh7 16. Nc3 Qa5 17. Rad1 Rad8 18. Qc1 b5 19. Qb1 Rfe8 20. h5 Ne6 21. hxg6+
fxg6 22. Nd5 Nc6 23. f4 Ned4 24. Bd2 b4 25. Kf2 Ne7 26. Ne3 Qc7 27. Rh1 d5 28.
e5 Rf8 29. Kg1 Nef5 30. Nxd5 Qf7 31. g4 Ng3 32. f5 Nde2+ 33. Kf2 Rxd5 34. Bxd5
Qxd5 35. Bxh6 Nxh1+ 36. Kxe2 Qg2+ 37. Kd3 Rd8+ 38. Kc4 Qe2+ 39. Rd3 Nf2 40.
Bxg7 Kxg7 41. f6+ Kf7 42. Kxc5 Nxd3+ 0-1

[Event "35. Rilton Cup 2005/2006"]
[Site "Stockholm"]
[Date "2005.12.28"]
[Round "2.23"]
[White "Kolbus, Dietmar"]
[Black "Turpin, Alexander"]
[Result "1/2-1/2"]
[WhiteElo "2413"]
[BlackElo "2082"]
[PlyCount "48"]
[EventDate "2005.12.27"]
[EventType "swiss"]
[EventRounds "9"]
[EventCountry "SWE"]
[Source "lmi"]
[SourceDate "2006.01.06"]

1. c4 Nf6 2. Nc3 e6 3. e4 d5 4. e5 d4 5. exf6 dxc3 6. bxc3 Qxf6 7. d4 c5 8. Nf3
h6 9. Be2 Nc6 10. O-O Bd6 11. Be3 Qe7 12. d5 Ne5 13. Nxe5 Bxe5 14. Qd2 O-O 15.
f4 Bc7 16. Rae1 b6 17. Bd3 Rd8 18. f5 exf5 19. Bf4 Bxf4 20. Qxf4 Qf6 21. Bxf5
Bxf5 22. Qxf5 Qxf5 23. Rxf5 Re8 24. Rfe5 Kf8 1/2-1/2

[Event "35. Rilton Cup 2005/2006"]
[Site "Stockholm"]
[Date "2005.12.28"]
[Round "2.25"]
[White "Hultin, Per"]
[Black "Berczes, Csaba"]
[Result "0-1"]
[WhiteElo "2065"]
[BlackElo "2389"]
[PlyCount "84"]
[EventDate "2005.12.27"]
[EventType "swiss"]
[EventRounds "9"]
[EventCountry "SWE"]
[Source "lmi"]
[SourceDate "2006.01.06"]

1. d4 Nf6 2. c4 e6 3. Nc3 Bb4 4. e3 O-O 5. Bd3 d5 6. Nge2 b6 7. O-O Bb7 8. cxd5
exd5 9. Bd2 Re8 10. f4 Bf8 11. Rf3 c5 12. Kh1 c4 13. Bc2 a6 14. Qg1 b5 15. a3
Qd7 16. Qe1 Nc6 17. Qh4 Ne7 18. f5 h6 19. Rg1 Nc8 20. g4 Ne4 21. Bxe4 dxe4 22.
Rff1 Nd6 23. Nf4 Be7 24. Qg3 Qd8 25. Nce2 Bh4 26. Qh3 Bg5 27. Be1 c3 28. Bxc3
Nc4 29. Rc1 Rc8 30. Rgd1 a5 31. Qg3 b4 32. axb4 axb4 33. b3 Nxe3 34. Qxe3 bxc3
35. Rxc3 Rxc3 36. Nxc3 Bxf4 37. Qxf4 e3+ 38. d5 e2 39. Re1 Bxd5+ 40. Nxd5 Qxd5+
41. Kg1 Re4 42. Qf3 Qd2 0-1

[Event "35. Rilton Cup 2005/2006"]
[Site "Stockholm"]
[Date "2005.12.29"]
[Round "3.1"]
[White "Velicka, Petr"]
[Black "Rozentalis, Eduardas"]
[Result "0-1"]
[WhiteElo "2441"]
[BlackElo "2585"]
[PlyCount "62"]
[EventDate "2005.12.27"]
[EventType "swiss"]
[EventRounds "9"]
[EventCountry "SWE"]
[Source "lmi"]
[SourceDate "2006.01.06"]

1. e4 g6 2. d4 Bg7 3. Nc3 d6 4. Nf3 Nf6 5. Be2 O-O 6. O-O Bg4 7. h3 Bxf3 8.
Bxf3 Nc6 9. Ne2 Nd7 10. c3 e5 11. a4 a5 12. Be3 exd4 13. Nxd4 Nce5 14. Be2 Nc5
15. Qc2 Re8 16. b4 Ncd7 17. f4 Nc6 18. b5 Ne7 19. Rad1 Nd5 20. Bc1 N5b6 21. Ba3
Qh4 22. Kh2 Nc5 23. g3 Qe7 24. Bf3 Nxe4 25. c4 f5 26. Nb3 Nxa4 27. c5 Naxc5 28.
Nxc5 dxc5 29. Rfe1 b6 30. Rd3 Rad8 31. Rde3 Qd7 0-1

[Event "35. Rilton Cup 2005/2006"]
[Site "Stockholm"]
[Date "2005.12.29"]
[Round "3.3"]
[White "Khmelniker, Ilya"]
[Black "Postny, Evgeny"]
[Result "0-1"]
[WhiteElo "2430"]
[BlackElo "2571"]
[PlyCount "88"]
[EventDate "2005.12.27"]
[EventType "swiss"]
[EventRounds "9"]
[EventCountry "SWE"]
[Source "lmi"]
[SourceDate "2006.01.06"]

1. d4 Nf6 2. c4 e6 3. Nf3 b6 4. Nc3 Bb4 5. Qc2 Bb7 6. a3 Bxc3+ 7. Qxc3 O-O 8.
g3 c5 9. Bg2 cxd4 10. Qxd4 Nc6 11. Qc3 Rc8 12. b4 Ne7 13. Bb2 Bd5 14. c5 bxc5
15. bxc5 d6 16. O-O Rxc5 17. Qe3 Nf5 18. Qd2 e5 19. Rac1 Rxc1 20. Rxc1 Qb8 21.
Bh3 Ne7 22. Ne1 Ne4 23. Qb4 a5 24. Qxb8 Rxb8 25. Nd3 Nc5 26. Nxc5 Rxb2 27. e4
Ba2 28. Rd1 Rb1 29. Rxb1 Bxb1 30. Nb7 Bxe4 31. Nxa5 Bd5 32. Bf1 Kf8 33. Nc4
Bxc4 34. Bxc4 Ke8 35. f3 d5 36. Bb5+ Kd8 37. Kf2 Kc7 38. Be8 f6 39. Ke3 Nf5+
40. Kd3 Nd6 41. Ba4 Kb6 42. Bd7 Kc5 43. g4 Nc4 44. a4 e4+ 0-1

[Event "35. Rilton Cup 2005/2006"]
[Site "Stockholm"]
[Date "2005.12.29"]
[Round "3.5"]
[White "Lindberg, Bengt"]
[Black "Nyback, Tomi"]
[Result "0-1"]
[WhiteElo "2420"]
[BlackElo "2563"]
[PlyCount "82"]
[EventDate "2005.12.27"]
[EventType "swiss"]
[EventRounds "9"]
[EventCountry "SWE"]
[Source "lmi"]
[SourceDate "2006.01.06"]

1. e4 e5 2. Nf3 Nc6 3. Bb5 a6 4. Ba4 Nf6 5. O-O Be7 6. Re1 b5 7. Bb3 O-O 8. c3
d5 9. exd5 Nxd5 10. Nxe5 Nxe5 11. Rxe5 c6 12. d4 Bd6 13. Re1 Qh4 14. g3 Qh3 15.
Re4 g5 16. Qe2 f5 17. Re5 Bxe5 18. Qxe5 Qh5 19. Bxd5+ cxd5 20. Qxd5+ Kh8 21.
Qe5+ Kg8 22. Qd5+ Kg7 23. Nd2 Ra7 24. Nf1 Re7 25. b3 Bb7 26. Qc5 Re1 27. Ba3
Rc8 28. Qa7 Qf3 29. Qxb7+ Qxb7 30. Rxe1 Kf7 31. Ne3 Re8 32. Bd6 Qc6 33. Be5
Qxc3 34. Re2 Qd3 35. Rc2 Rxe5 36. dxe5 f4 37. Rc7+ Ke6 38. gxf4 gxf4 39. Rc6+
Kxe5 40. Ng4+ Kd5 41. Rc1 Qg6 0-1

[Event "35. Rilton Cup 2005/2006"]
[Site "Stockholm"]
[Date "2005.12.29"]
[Round "3.8"]
[White "Willemze, Thomas"]
[Black "Kurnosov, Igor"]
[Result "0-1"]
[WhiteElo "2363"]
[BlackElo "2523"]
[PlyCount "40"]
[EventDate "2005.12.27"]
[EventType "swiss"]
[EventRounds "9"]
[EventCountry "SWE"]
[Source "lmi"]
[SourceDate "2006.01.06"]

1. e4 c5 2. Nf3 d6 3. d4 cxd4 4. Nxd4 Nf6 5. Nc3 a6 6. Be3 e6 7. g4 e5 8. Nf5
h5 9. Nd5 Nxd5 10. Qxd5 g6 11. Bc4 Rh7 12. Nh6 Bxh6 13. Bxh6 Qc7 14. O-O-O Rxh6
15. g5 Rh8 16. Qxd6 Qxd6 17. Rxd6 Ke7 18. Rhd1 Be6 19. Bxe6 fxe6 20. Rb6 Ra7
0-1

[Event "35. Rilton Cup 2005/2006"]
[Site "Stockholm"]
[Date "2005.12.29"]
[Round "3.9"]
[White "Fontaine, Robert"]
[Black "Olsson, Linus"]
[Result "1-0"]
[WhiteElo "2507"]
[BlackElo "2354"]
[PlyCount "69"]
[EventDate "2005.12.27"]
[EventType "swiss"]
[EventRounds "9"]
[EventCountry "SWE"]
[Source "lmi"]
[SourceDate "2006.01.06"]

1. d4 Nf6 2. Bg5 e6 3. e3 c5 4. c3 cxd4 5. Bxf6 Qxf6 6. cxd4 b6 7. Nd2 Bb7 8.
Rc1 Nc6 9. Ngf3 Qd8 10. a3 Be7 11. Bd3 O-O 12. O-O f5 13. Qe2 Bf6 14. Ba6 Bxa6
15. Qxa6 Qe7 16. b4 Rfb8 17. b5 Na5 18. Nc4 Nb3 19. Rc2 d5 20. Nce5 Qb7 21.
Qxb7 Rxb7 22. Rc3 Na5 23. Rfc1 Bd8 24. h4 h6 25. h5 Kf8 26. Ng6+ Ke8 27. Nfe5
a6 28. a4 axb5 29. axb5 Raa7 30. Nf4 Re7 31. Rc8 Rac7 32. R1xc7 Rxc7 33. Rb8
Ke7 34. Neg6+ Kd7 35. Nf8+ 1-0

[Event "35. Rilton Cup 2005/2006"]
[Site "Stockholm"]
[Date "2005.12.29"]
[Round "3.10"]
[White "Minina, Veronika"]
[Black "Karlsson, Lars"]
[Result "0-1"]
[WhiteElo "2063"]
[BlackElo "2501"]
[PlyCount "58"]
[EventDate "2005.12.27"]
[EventType "swiss"]
[EventRounds "9"]
[EventCountry "SWE"]
[Source "lmi"]
[SourceDate "2006.01.06"]

1. d4 Nc6 2. Nf3 d5 3. Bf4 Bg4 4. e3 e6 5. Be2 Nf6 6. h3 Bh5 7. O-O Bd6 8. c3
Bxf4 9. exf4 Bxf3 10. Bxf3 Qd6 11. g3 h6 12. h4 O-O-O 13. Nd2 Rdg8 14. Kg2 g5
15. fxg5 hxg5 16. hxg5 Rxg5 17. Rh1 Rhg8 18. Rh3 Ne7 19. Qe2 Nf5 20. Nf1 c5 21.
Rd1 cxd4 22. cxd4 Kb8 23. Qd2 a6 24. Kh1 Ka8 25. Ne3 Rxg3 26. fxg3 Nxg3+ 27.
Rxg3 Qxg3 28. Bg2 Ne4 29. Qe1 Nf2+ 0-1

[Event "35. Rilton Cup 2005/2006"]
[Site "Stockholm"]
[Date "2005.12.29"]
[Round "3.11"]
[White "Brynell, Stellan"]
[Black "Nithander, Victor"]
[Result "1/2-1/2"]
[WhiteElo "2496"]
[BlackElo "2243"]
[PlyCount "55"]
[EventDate "2005.12.27"]
[EventType "swiss"]
[EventRounds "9"]
[EventCountry "SWE"]
[Source "lmi"]
[SourceDate "2006.01.06"]

1. d4 Nf6 2. c4 g6 3. g3 Bg7 4. Bg2 O-O 5. Nc3 d6 6. Nf3 Nbd7 7. O-O e5 8. e4
a6 9. h3 b5 10. Qc2 c6 11. Rd1 Qe7 12. c5 dxc5 13. dxe5 Ne8 14. Bg5 Qe6 15. Be3
Qe7 16. a4 Nc7 17. Qd2 Bxe5 18. axb5 axb5 19. Rxa8 Nxa8 20. Nxe5 Nxe5 21. Bh6
Re8 22. f4 Nc4 23. Qf2 Rd8 24. Rxd8+ Qxd8 25. e5 Qd4 26. Bxc6 Nc7 27. Qxd4 cxd4
28. Nxb5 1/2-1/2